000 00333nam a2200133Ia 4500
008 220204s9999 xx 000 0 und d
082 _a631.41
_bGRE
100 _aGREENLAND, D J
245 0 _aChemistry of soil constituents.
260 _aChichester
_bWiley
_c1978
650 _aSoil chemistry
700 _aHAYES, M H
942 _cBK
999 _c31972
_d31972